000 00488nam a22001697a 4500
005 20240108153953.0
008 220215b ||||| |||| 00| 0 eng d
020 _a9788191019216
041 _aeng
082 _a547
_bJEN-C
100 _aJENKINS, GLENN L. HARTUNG WALTER HAMLIN JENNETH E AND DATA JOHN B
_98326
245 _aTHE CHEMISTRY OF ORGANIC MEDICINAL PRODUCTS
260 _aHYDRABAD
_bPHRMA MED PRESS
_c2011
300 _a569;P.
650 _aPHARMACY
_xB.PHARMA
942 _cBK
999 _c7937
_d7935